[Event "Tata Steel-A 79th"]
[Site "Wijk aan Zee"]
[Date "2017.01.27"]
[Round "11"]
[White "Carlsen, Magnus"]
[Black "Adhiban, Baskaran"]
[Result "1/2-1/2"]
[WhiteElo "2840"]
[BlackElo "2653"]
[PlyCount "98"]
[EventDate "2017.01.14"]
[EventType "tourn"]
[EventRounds "13"]
[EventCountry "NED"]
[EventCategory "21"]
[SourceTitle "CBM 177"]
[Source "ChessBase"]
[SourceDate "2017.03.16"]
[SourceVersion "1"]
[SourceVersionDate "2017.03.16"]
[SourceQuality "1"]
[TimeControl "40/6000+30:20/3000+30:900+30"]

1. e4 {[%emt 0:00:55]} d5 {[%emt 0:00:05]} 2. exd5 {[%emt 0:00:05]} Nf6 {
[%emt 0:00:04]} 3. Nf3 {[%emt 0:01:47]} Nxd5 {[%emt 0:00:11]} 4. d4 {[%emt 0:
02:00]} Bg4 {[%emt 0:00:06]} 5. h3 {[%emt 0:01:35]} Bh5 {[%emt 0:01:38]} 6. Be2
{[%emt 0:00:56]} Nc6 {[%emt 0:00:10]} 7. O-O {[%emt 0:03:49]} e6 {[%emt 0:00:
09]} 8. c3 {[%emt 0:07:53]} (8. c4 Nf6 9. Nc3 Be7 10. Be3 O-O 11. Qd2 Bg6 12.
Bd3 Bxd3 13. Qxd3 Nb4 14. Qe2 c6 15. a3 Na6 16. b4 Nc7 17. Rab1 Qc8 18. Rfc1 a5
19. Ne5 axb4 20. axb4 Ra3 21. Qb2 Ra8 22. Qb3 Nd7 23. Na4 Rb8 24. Bf4 Nxe5 25.
Bxe5 f6 26. Nb6 Qd8 27. Bxc7 Qxc7 28. c5 Bd8 29. Qxe6+ Qf7 30. Qxf7+ Rxf7 31.
Nc4 Rd7 32. b5 cxb5 33. Nd6 b6 34. Rxb5 Bc7 35. Nf5 bxc5 36. Rxb8+ Bxb8 37.
dxc5 Bf4 {Gdanski,J (2542)-Pakleza,Z (2509) Katowice 2010 1-0 (65)}) 8... Be7 {
[%emt 0:07:39]} 9. Ne5 {[%emt 0:01:31]} Nxe5 {[%emt 0:14:28]} 10. Bxh5 {
[%emt 0:00:08]} Ng6 {[%emt 0:00:02]} 11. Qb3 $146 {[%emt 0:09:58]} (11. Bf3 c6
12. Re1 O-O 13. Nd2 Qc7 14. Nc4 Rad8 15. Qe2 Bf6 16. g3 Nb6 17. Ne3 Be7 18. h4
c5 19. h5 cxd4 20. hxg6 dxe3 21. gxf7+ Rxf7 22. Bxe3 Kh8 23. Be4 g6 24. Qg4 Bc5
25. Qxe6 Rdf8 26. Bd4+ Bxd4 27. cxd4 Rxf2 28. Qe5+ Qxe5 29. dxe5 Rxb2 30. Bxb7
Nc8 31. Reb1 Re2 32. Rf1 Re8 33. Bc6 Rd8 34. Rae1 Rxe1 35. Rxe1 Ne7 36. Ba4 Rd2
37. Bb3 h5 38. Re4 Kg7 39. g4 hxg4 40. Rxg4 Re2 {Vospernik,M-Karaklajic,N
Zagreb 1961 1/2-1/2}) 11... Rb8 {[%emt 0:08:29]} 12. c4 {[%emt 0:09:09]} Nf6 {
[%emt 0:02:20]} 13. Bxg6 {[%emt 0:00:46]} hxg6 {[%emt 0:00:04]} 14. Qa4+ {
[%emt 0:00:05]} c6 {[%emt 0:17:56]} 15. Qxa7 {[%emt 0:00:10]} Bd6 {[%emt 0:00:
20]} 16. Nc3 {[%emt 0:02:29]} Bc7 {[%emt 0:00:34]} 17. Rd1 {[%emt 0:04:49]} Qd6
{[%emt 0:06:40]} 18. g3 {[%emt 0:00:40]} Qd7 {[%emt 0:03:11]} 19. h4 {[%emt 0:
00:40]} O-O {[%emt 0:02:34]} 20. Qc5 {[%emt 0:03:37]} b5 {[%emt 0:05:03]} 21.
cxb5 {[%emt 0:11:02]} cxb5 {[%emt 0:00:04]} 22. a3 {[%emt 0:01:02]} Rfc8 {
[%emt 0:03:36]} 23. Qg5 {[%emt 0:00:27]} b4 {[%emt 0:00:28]} 24. axb4 {[%emt 0:
02:01]} Rxb4 {[%emt 0:00:01]} 25. Qd2 {[%emt 0:12:37]} Bb6 {[%emt 0:02:43]} 26.
Ne2 {[%emt 0:00:20]} Rbc4 {[%emt 0:00:25]} 27. Qd3 {[%emt 0:01:41]} e5 {
[%emt 0:06:43]} 28. Bg5 {[%emt 0:00:39]} Ng4 {[%emt 0:03:31]} 29. Rac1 {
[%emt 0:04:42]} Rxc1 {[%emt 0:00:39]} 30. Rxc1 {[%emt 0:00:03]} Re8 {[%emt 0:
02:39]} 31. Rd1 {[%emt 0:09:46]} exd4 {[%emt 0:04:23]} 32. Bf4 {[%emt 0:00:02]}
Nf6 {[%emt 0:00:47]} 33. Nc1 {[%emt 0:01:24]} Nd5 {[%emt 0:08:04]} 34. Bd2 {
[%emt 0:01:55]} Qc6 {[%emt 0:00:12]} 35. Ne2 {[%emt 0:01:09]} Qf6 {[%emt 0:05:
26]} 36. Rc1 {[%emt 0:01:00]} Qf5 {[%emt 0:01:09]} 37. Qxf5 {[%emt 0:05:05]}
gxf5 {[%emt 0:00:02]} 38. Kf1 {[%emt 0:00:08]} d3 {[%emt 0:00:20]} 39. Nc3 {
[%emt 0:00:17]} Nxc3 {[%emt 0:03:28]} 40. Rxc3 {[%emt 0:00:00]} Bd4 {[%emt 0:
01:00]} 41. Rb3 {[%emt 0:01:00]} g6 {[%emt 0:03:40]} 42. f3 {[%emt 0:01:12]}
Be5 {[%emt 0:06:43]} 43. g4 {[%emt 0:01:03]} fxg4 {[%emt 0:01:27]} 44. fxg4 {
[%emt 0:00:02]} Bf6 {[%emt 0:00:48]} 45. h5 {[%emt 0:00:28]} gxh5 {[%emt 0:01:
29]} 46. gxh5 {[%emt 0:00:01]} Re5 {[%emt 0:02:37]} 47. h6 {[%emt 0:00:46]} Kh7
{[%emt 0:00:25]} 48. Rxd3 {[%emt 0:01:08]} Rf5+ {[%emt 0:00:04]} 49. Ke2 {
[%emt 0:00:05]} Bxb2 {[%emt 0:00:04]} 1/2-1/2

[Event "Grenke Chess Classic 4th"]
[Site "Karlsruhe/Baden-Baden"]
[Date "2017.04.15"]
[Round "1"]
[White "Bluebaum, Matthias"]
[Black "Carlsen, Magnus"]
[Result "1/2-1/2"]
[WhiteElo "2634"]
[BlackElo "2838"]
[Annotator "Szabo,Kr"]
[PlyCount "117"]
[EventDate "2017.04.15"]
[EventType "tourn"]
[EventRounds "7"]
[EventCountry "GER"]
[EventCategory "20"]
[SourceTitle "CBM 178"]
[Source "ChessBase"]
[SourceDate "2017.05.14"]
[SourceVersion "1"]
[SourceVersionDate "2017.05.14"]
[SourceQuality "1"]

1. d4 d6 2. Nf3 g6 3. c4 Bg7 4. Nc3 Nf6 5. e4 O-O 6. h3 Na6 (6... e5 {is the
most popular main line.}) 7. Be3 c5 (7... e5 {is the other variation.}) 8. Be2
(8. d5 {is more common. However 8.Be2 must not be worse.}) 8... cxd4 9. Nxd4
Nc5 10. Qc2 b6 11. O-O (11. b4 $5 {is an interesting choice. White doesn't
want to allow ...Bb7 to attack the e4-pawn.} Ne6 12. Nb3 (12. Rd1 $5) ({
The careless} 12. O-O $6 {could have been met by} Ng4 $1 13. hxg4 ({or} 13.
Nxe6 Nxe3 $15) 13... Nxd4 $36 {and Black looks nicely placed.}) 12... a5 13.
bxa5 bxa5 14. a4 Nd7 15. Rd1 Ba6 16. O-O Rc8 17. Nd5 Nec5 $132 {Granda
Zuniga-Maze, Sitges 2015, and Black looks fine.}) 11... Bb7 12. Bf3 Rc8 13.
Rad1 {The natural developing move.} (13. b4 $5 {was a good alternative again,}
Na6 (13... Ncd7 $6 14. e5 $1) (13... Ne6 14. Nxe6 fxe6 15. Qb3 {and White's
structure is better, his position looks more tempting.}) 14. Qb3 Qc7 {Now the
c4-pawn is indefensible, so White has to find tactical counterplay.} 15. Rac1
$1 Qxc4 ({If Black doesn't capture the pawn with} 15... Qb8 16. Nd5 $36 {
and White has gained some space, his position is powerful.}) 16. e5 Qxb3 17.
axb3 $1 Bxf3 18. exf6 Bxf6 19. gxf3 Nxb4 {and Black has three pawns for the
knight, but after} 20. Rfd1 $14 {White is slightly better.}) 13... Qc7 14. b3
Qb8 15. Rfe1 Rfe8 16. Bc1 a6 17. Qe2 e6 {Black has followed a natural plan and
he wants to play ...d5 at a good moment.} 18. Bb2 Rcd8 (18... d5 $5 {was an
interesting option to break in the centre,} 19. exd5 exd5 20. Qc2 dxc4 21. bxc4
$11 {with an equal position. Probably Carlsen wanted to keep the tension.}) 19.
Qc2 Qa8 20. Qe2 {White doesn't find any plans, he is trying to hold the
position.} h5 (20... d5 $5 {was possible again,} 21. exd5 exd5 22. Qf1 (22. Qc2
$2 {is bad now, as} Rxe1+ 23. Rxe1 dxc4 $17 {and the d4-knight is hanging.})
22... dxc4 23. Qxc4 $11 {and they exchanged the central pawns.}) 21. Ba1 Ncd7 (
21... d5 {is similar to the analysis of the 18th and 20th moves.}) 22. g3 (22.
Nc2 {was more solid, however} Ne5 {and Black takes the f3-bishop.}) 22... d5 $1
{The typical break-through in the hedgehog structure.} 23. Bg2 {It is a
cool-blooded reply, now Black has a lot of tempting possibilities.} e5 ({
Probably} 23... dxe4 $5 {was the most precise,} 24. Nxe4 Nxe4 25. Bxe4 Bxe4 26.
Qxe4 Qxe4 27. Rxe4 Ne5 28. Re3 Rd6 $15 {Black has a comfortable endgame.}) 24.
Nc2 dxe4 (24... d4 25. Nd5 {gives good counterplay for White.}) 25. Nxe4 Nxe4
26. Bxe4 Bxe4 27. Qxe4 Qxe4 28. Rxe4 Nc5 29. Ree1 Nd3 30. Re3 e4 31. Bxg7 Kxg7
32. Ne1 {White would like to exchange for a R endgame, which gives the best
chance of a draw.} ({In case of} 32. f3 Nc5 33. Rxd8 Rxd8 34. b4 Ne6 35. fxe4
Ng5 36. h4 Rd2 $1 $15 {and White has to fight to equalise.}) 32... Nc5 $15 {
Black's position is more tempting, but with White's accurate play he will hold
the endgame.} 33. Rxd8 Rxd8 34. b4 $1 {The best practical chance.} Nd3 35. Rxe4
Nxb4 36. a3 Nc6 37. Nc2 Rd1+ 38. Kg2 a5 39. Ne3 Ra1 40. Nd5 Rxa3 41. Nxb6 {
It is good to simplify the position for White, because he has more chance to
equalise.} Rc3 42. Re8 Rb3 43. c5 Rc3 44. Na4 Rc4 45. Rc8 $1 Ne5 46. Nb6 Rc2
47. Nd5 {White is active, so probably Black can't avoid the exchange of the a-
and c-pawns.} a4 48. Ne3 Rc3 49. Nd5 Rc1 50. Ra8 Rxc5 51. Ne3 {Black can't
protect the a4-pawn.} Nc4 52. Rxa4 Nxe3+ 53. fxe3 Rc2+ 54. Kf3 g5 55. Ra5 f6
56. e4 Rc3+ 57. Kf2 Rc2+ 58. Kf3 Rc3+ 59. Kf2 {Nice defending technique by
White!} 1/2-1/2

[Event "Grenke Chess Classic 4th"]
[Site "Karlsruhe/Baden-Baden"]
[Date "2017.04.17"]
[Round "3"]
[White "Hou, Yifan"]
[Black "Carlsen, Magnus"]
[Result "1/2-1/2"]
[WhiteElo "2649"]
[BlackElo "2838"]
[Annotator "Moradiabadi,E"]
[PlyCount "75"]
[EventDate "2017.04.15"]
[EventType "tourn"]
[EventRounds "7"]
[EventCountry "GER"]
[EventCategory "20"]
[SourceTitle "CBM 178"]
[Source "ChessBase"]
[SourceDate "2017.05.14"]
[SourceVersion "1"]
[SourceVersionDate "2017.05.14"]
[SourceQuality "1"]
[TimeControl "60"]

1. e4 {[%emt 0:00:00]} c5 {[%emt 0:00:07]} 2. Nf3 {[%emt 0:00:00]} d6 {[%emt 0:
00:00]} 3. d4 {[%emt 0:00:01]} cxd4 {[%emt 0:00:07]} 4. Nxd4 {[%emt 0:00:04]}
Nf6 {[%emt 0:00:08]} 5. Nc3 {[%emt 0:00:05]} a6 {[%emt 0:00:09]} 6. a4 {
[%emt 0:05:20] A choice of Carlsen himself.} e5 {[%emt 0:03:25]} 7. Nf3 {
[%emt 0:00:07]} Be7 {[%emt 0:00:06]} 8. Bg5 {[%emt 0:01:52] Less ambitious but
more solid!} Be6 {[%emt 0:00:00]} 9. Bxf6 {[%emt 0:01:19]} Bxf6 {[%emt 0:00:23]
} 10. Nd5 {[%emt 0:00:05]} Nd7 {[%emt 0:00:16]} 11. Bc4 {[%emt 0:00:50]} Rc8 {
[%emt 0:00:52]} 12. Qe2 {[%emt 0:06:14]} Nb6 {[%emt 0:15:06] The World
Champion spent a lot of time here. I am sure he knew the right continuation
but was unhappy with the course of the game which has let White dry up the
position.} 13. Nxf6+ {[%emt 0:08:57]} Qxf6 {[%emt 0:01:44]} 14. Bxe6 {[%emt 0:
00:07]} Qxe6 {[%emt 0:00:14]} 15. O-O {[%emt 0:00:48]} (15. b3 O-O 16. Rd1 Rc6
{1/2-1/2 (16) Svidler,P (2739)-Grischuk,A (2746) Khanty-Mansiysk 2011}) 15...
O-O {[%emt 0:18:40]} 16. Rfd1 {[%emt 0:05:39]} Rc6 {[%emt 0:06:59]} 17. a5 {
[%emt 0:18:39] Finally a new move after a long think by the World Women's
number one.} Nd7 {[%emt 0:00:15]} 18. b3 {[%emt 0:00:08]} Rfc8 {[%emt 0:03:14]}
19. Rd2 {[%emt 0:07:35]} Nc5 {[%emt 0:07:45]} 20. Rad1 {[%emt 0:12:17]} Qe7 {
[%emt 0:01:06]} 21. Qe3 {[%emt 0:00:25]} g6 {[%emt 0:07:16]} 22. g3 {[%emt 0:
02:33] The position is balanced but unlike most of the cases, it is Carlsen
who does not have the patience to wait.} b5 $6 {[%emt 0:02:05] Played after
just a short thinking since Black needs to save time as Carlsen spent a lot of
time early on in the game.} (22... Ne6 23. c4 Rb8 {and now b6 where Black
compensates for his weaknesses by attacking b3.}) 23. axb6 {[%emt 0:00:14]}
Rxb6 {[%emt 0:00:02]} 24. Rd5 {[%emt 0:05:39]} Rcc6 $6 {[%emt 0:16:20] A
strange square for the rook.} (24... Rbc6 25. Nd2 Ne6 26. Nc4 Nd4 27. c3 Nxb3
28. Nxd6 Rf8 29. c4 Nd4 30. c5 {is not fun to play but is better than what
Carlsen did.}) 25. Nd2 $1 {[%emt 0:03:59]} Nb7 {[%emt 0:00:00]} 26. Nc4 {
[%emt 0:01:40]} Rb5 {[%emt 0:00:02]} 27. Qa7 $1 $16 {[%emt 0:00:00] Excellent
play by Hou Yifan, Black is completely tied up!} Qc7 {[%emt 0:00:00]} 28. Rxb5
$2 {[%emt 0:12:11] A pity. Hou Yifan concedes a draw precisely when she had
the World Champion on the ropes!} (28. h4 h5 29. Ra1 Rb4 $1 30. Rd2 $1 {
An excellent prophylactic move.} ({Rushing to take the pawn with} 30. Rxa6 {
would let Black confuse the issue with the strong exchange sacrifice} Rcxc4 $1
31. bxc4 Rb1+ 32. Kh2 $1 {The reason this is the best move will be clear in an
instant:} Qxc4 33. Ra1 {Now it is understood. If the king had been on g2,
Black could have struck with ...Qf1+, but now there is no such killer blow.
Therefore} Rxa1 34. Qxa1 Qxc2 35. Kg1 Nc5 36. Rxd6 Nxe4 37. Rd8+ Kh7 38. Qa7
Qb3 {with good winning chances but it is not clear how winning this position
is... if at all.}) 30... a5 31. Ne3 Nc5 32. Qxc7 Rxc7 33. Rxd6 Nxe4 34. Rd5 f6
35. Raxa5 Rd4 36. Kg2 {and I believe Carlsen would be first in line to play
this position!}) 28... axb5 {[%emt 0:00:29]} 29. Nxd6 {[%emt 0:00:10] And now
the draw is inevitable.} Nxd6 {[%emt 0:00:39]} 30. Qxc7 {[%emt 0:00:05]} Rxc7 {
[%emt 0:00:12]} 31. Rxd6 {[%emt 0:00:04]} Rxc2 {[%emt 0:00:00]} 32. Rd5 {
[%emt 0:00:08]} Re2 {[%emt 0:00:47]} 33. Rxe5 {[%emt 0:00:25]} b4 {[%emt 0:00:
10]} 34. Rb5 {[%emt 0:00:41]} Rxe4 {[%emt 0:00:05]} 35. Kg2 {[%emt 0:00:12]}
Rd4 {[%emt 0:00:19]} 36. Kf1 {[%emt 0:00:19]} Re4 {[%emt 0:00:00]} 37. Kg2 {
[%emt 0:00:30]} Rd4 {[%emt 0:00:06]} 38. Kf1 {[%emt 0:00:06]} 1/2-1/2

[Event "Grenke Chess Classic 4th"]
[Site "Karlsruhe/Baden-Baden"]
[Date "2017.04.20"]
[Round "5"]
[White "Meier, Georg"]
[Black "Carlsen, Magnus"]
[Result "0-1"]
[WhiteElo "2621"]
[BlackElo "2838"]
[Annotator "Moradiabadi,E"]
[PlyCount "82"]
[EventDate "2017.04.15"]
[EventType "tourn"]
[EventRounds "7"]
[EventCountry "GER"]
[EventCategory "20"]
[SourceTitle "CBM 178"]
[Source "ChessBase"]
[SourceDate "2017.05.14"]
[SourceVersion "1"]
[SourceVersionDate "2017.05.14"]
[SourceQuality "1"]

1. d4 Nf6 2. c4 g6 3. Nc3 d5 {Not sure whether I should consider this a
surprise or not. However, when I first saw the first three moves I thought the
world champion was actually opting for a King's Indian Defence!} 4. Nf3 Bg7 5.
g3 $5 {An interesting line!} (5. cxd5 Nxd5 6. g3 {is also very interesting!})
5... dxc4 6. Qa4+ Nfd7 $1 {The best move but very well-known!} 7. Qxc4 Nb6 8.
Qd3 O-O 9. Bf4 (9. Bg2 Nc6 $15) 9... Nc6 10. Rd1 $6 {I'm not a fan of this
move. I understand that White is trying to protect d4 with Rd1 but that costs
him too many tempi. Instead, I think White should have tried to get his king
to safety as soon as possible.} (10. Bg2 Nxd4 11. Nxd4 e5 $1 (11... Qxd4 12.
Qxd4 Bxd4 13. Nb5 Bxb2 14. Rb1 a6 15. Rxb2 axb5 16. Rxb5 Bd7 17. Re5 Bc6 18.
Bxc6 bxc6 19. Rxe7 Nd5 20. Re4 Rfe8 21. Rxe8+ Rxe8 22. Kd2 Nxf4 23. gxf4 Re4
24. e3 Ra4 25. Ra1 Kf8 26. Kc3 Ke7 27. Kb3 Ra5 28. Rc1 Rb5+ 29. Kc3 Rc5+ 30.
Kd2 Rxc1 31. Kxc1 Kf6 32. Kd2 g5 33. fxg5+ Kxg5 34. f4+ Kg4 35. Kd3 Kf3 36. f5
f6 37. a4 h5 38. a5 h4 39. a6 h3 40. e4 Kg2 41. Ke2 Kxh2 42. Kf2 c5 43. e5 c4
44. exf6 c3 45. f7 c2 46. f8=Q c1=Q {1/2-1/2 (46) Bruedigam,M (2312)-Lagunow,A
(2441) Germany 2013}) 12. Bxe5 (12. Ndb5 Qxd3 13. exd3 exf4 14. Nxc7 Rb8 15.
O-O fxg3 16. hxg3 Rd8 $17 {1/2-1/2 (59) Huebner, R (2595)-Topalov,V (2750)
Dortmund 1996}) 12... Bxe5 13. Rd1 Qe7 14. O-O c6 $15) 10... Bf5 11. Qd2 Bg4
12. Bg2 $2 {This is too much.} (12. Ne5 Nxe5 13. Bxe5 Bxe5 14. dxe5 Qxd2+ 15.
Rxd2 Nc4 16. Rd4 Nxe5 17. Re4 f6 18. Bg2 {may give White some chances.}) 12...
Bxf3 13. Bxf3 Nxd4 14. Bxb7 Nc4 15. Qc1 Rb8 16. b3 Rxb7 17. bxc4 c5 18. O-O Rb4
{You know things are going really bad when every natural move for Black poses
serious problems for White.} 19. Bh6 Bxh6 20. Qxh6 Rxc4 21. Ne4 Nxe2+ 22. Kg2
Qa8 23. f3 Rxe4 $1 {Strong and forced otherwise Ng5 was a threat.} 24. fxe4
Qxe4+ 25. Kf2 Nd4 26. Qe3 Qd5 27. Rd2 e5 {The game is over. The rest is just
an agony.} 28. Re1 Re8 29. Qe4 Qe6 {No exchange this time.} 30. Re3 Kg7 31. Rb2
c4 32. g4 Qf6+ 33. Ke1 Qg5 34. Kf2 Re6 35. Ke1 h5 36. h3 Rf6 37. Kd2 Rf4 38.
Qxe5+ {I am sure Meier had seen the end but decided to give the joy of
geometry to the spectators.} Qxe5 39. Rxe5 Nf3+ {Fork number 1.} 40. Ke3 Nxe5
41. Kxf4 Nd3+ {And fork number 2 decides the game!} 0-1

[Event "chess.com Speed 5m+2spm 2017"]
[Site "Chess.com INT"]
[Date "2018.01.03"]
[Round "4.7"]
[White "Nakamura, Hikaru"]
[Black "Carlsen, Magnus"]
[Result "0-1"]
[WhiteElo "2786"]
[BlackElo "2832"]
[PlyCount "140"]
[EventDate "2017.05.03"]
[EventType "k.o. (blitz)"]
[EventRounds "4"]
[EventCountry "USA"]
[SourceTitle "EXT 2019"]
[Source "ChessBase"]
[SourceDate "2018.10.10"]
[SourceVersion "1"]
[SourceVersionDate "2018.10.10"]
[SourceQuality "1"]

1. e4 e5 2. Nf3 Nc6 3. d4 exd4 4. Nxd4 Bb4+ 5. c3 Bc5 6. Nf5 g6 7. Be3 Bf8 8.
Nd4 Bg7 9. g3 Nf6 10. Bg2 O-O 11. O-O Re8 12. Nd2 d6 13. h3 Ne5 14. f4 Ned7 15.
Bf2 Nc5 16. Qc2 Bd7 17. Rfe1 a5 18. Rad1 Qc8 19. Kh2 h5 20. N4f3 Ne6 21. e5
dxe5 22. Nxe5 h4 23. Nxd7 Nxd7 24. f5 Nef8 25. g4 Be5+ 26. Kh1 Bg3 27. Bxg3
hxg3 28. Ne4 gxf5 29. gxf5 Ra6 30. Qd3 Kh8 31. Qxg3 Nh7 32. Qh4 Ndf6 33. Nxf6
Rxe1+ 34. Rxe1 Rxf6 35. Be4 b6 36. Qf4 Qd8 37. Rg1 Qd6 38. Qg4 Qf8 39. Bd5 Rh6
40. Qd4+ Nf6 41. Bg2 Qe7 42. Qd2 Ng4 43. Re1 Qh4 44. Re8+ Kh7 45. Qd4 Nf2+ 46.
Kh2 Qxd4 47. cxd4 Rd6 48. Re7 Kg7 49. d5 Nd3 50. Rxc7 Nb4 51. Rc3 Rd7 52. f6+
Kxf6 53. a3 Nxd5 54. Rd3 Ke5 55. Rxd5+ Rxd5 56. Bxd5 Kxd5 57. h4 Ke4 58. Kg3 f5
59. h5 Ke3 60. h6 f4+ 61. Kg4 f3 62. h7 f2 63. h8=Q f1=Q 64. Qc3+ Qd3 65. Qc1+
Ke2 66. Qc6 Qd4+ 67. Kf5 Kd3 68. Ke6 Qxb2 69. a4 Qb4 70. Qf3+ Kc2 0-1

[Event "Norway Chess 5th"]
[Site "Stavanger"]
[Date "2017.06.08"]
[Round "3"]
[White "Carlsen, Magnus"]
[Black "Nakamura, Hikaru"]
[Result "1/2-1/2"]
[WhiteElo "2832"]
[BlackElo "2785"]
[Annotator "Ramirez Alvarez,A"]
[PlyCount "80"]
[EventDate "2017.06.06"]
[EventType "tourn"]
[EventRounds "9"]
[EventCountry "NOR"]
[EventCategory "22"]
[SourceTitle "CBM 179"]
[Source "ChessBase"]
[SourceDate "2017.07.12"]
[SourceVersion "1"]
[SourceVersionDate "2017.07.12"]
[SourceQuality "1"]

1. e4 c5 2. Nf3 d6 3. d4 cxd4 4. Nxd4 Nf6 5. Nc3 a6 6. h3 g6 {The reason that
this move is not very popular is that many consider 6.h3 to be more useful
generally than 6...a6 in the normal Dragon. That, however, is truly up for
debate.} 7. g3 Nc6 8. Be3 {An example of h3 being useful, normally this runs
into ...Ng4.} Bg7 9. Bg2 O-O 10. O-O Nd7 11. b3 Nxd4 12. Bxd4 Bxd4 13. Qxd4 {
Black plays unambitiously, hoping to defend a solid though slightly worse
position.} b6 14. Nd5 Bb7 15. c4 e5 {The weakness on d6 is not easy to target,
while Black hopes to use the break b5 and the control over the dark squares to
create counterplay.} (15... b5 {immediately was also possible.}) 16. Qe3 (16.
Qd2 {keeping pressure on d6 rather than on b6, seemed more logical. Black is
going to play b5 anyway.}) 16... b5 17. Rac1 bxc4 18. Rxc4 Bxd5 19. exd5 {
The eternal fight between the bishop and the knight. In this instance the
knight doesn't have many good anchor squares (it will get kicked out of c5 if
it goes there), on the other hand the bishop on g2 creates no great impression.
} a5 20. Rfc1 Nc5 21. a3 f5 $6 {Black gains space, but truly he simply weakens
his position.} (21... a4 {it's strange Nakamura did not go for this option} 22.
bxa4 $1 (22. b4 {strategically Black usually does not want to allow this, but
after} Nb3 {the knight heads for the d4-square}) 22... Qd7 {and the knight is
superb on c5.}) 22. b4 axb4 23. axb4 Nd7 24. Rc6 f4 25. gxf4 $1 {Black has to
decide how to lose a pawn.} exf4 (25... Rxf4 26. Rxd6 Qe7 27. Re6 $1 Qxb4 28.
d6 $1 {and with the bishop activated Black's position is difficult, but not
without resources:} (28. Rc7 {might be more precise}) 28... Ra3 29. Qe2 Qd4 {
with counterplay.}) 26. Qe6+ Rf7 27. Qxd6 Qg5 {Again Black finds resources.
Thanks to the exchange of the g-pawn, White's king is exposed and Nakamura
clings on to this as his hope to battle White's passed pawns.} 28. Kh1 (28.
Rc8+ Rxc8 (28... Kg7 29. h4 $1 {doesn't work for Black}) 29. Rxc8+ Kg7 30. Kh1
f3 31. Bf1 {was a better version of the game.}) 28... f3 29. Bf1 Nf6 {The game
is certainly sharp. White is up material but his king is weak, and so are his
pawns. Black's king isn't particularly safe either, and any move can prove to
be a fatal mistake.} 30. Qe6 $6 {Now Nakamura finds strong counterplay.} (30.
Qg3 Qxg3 31. fxg3 Ra2 32. b5 Rb2 {is better for White, despite the passed
position of the f2-pawn.}) 30... Kg7 {Unpinning the rook is an obvious start.}
31. Rc7 Rxc7 $1 32. Rxc7+ Kh6 $1 {Black's king now hides on h6, where it is
much safer than on g8. With the weakness of White's king it is Carlsen who has
to be careful.} 33. Qe1 Ra2 34. Re7 Ng4 {Forcing the result.} (34... Qxd5 {
and Black isn't in much danger, but he is not better either.}) 35. hxg4 Qh4+
36. Kg1 Qxg4+ 37. Kh1 Qh4+ 38. Kg1 Qg4+ 39. Kh1 Qh4+ 40. Kg1 Qg4+ 1/2-1/2